000 00923nam a2200301Ia 4500
003 OSt
005 20250522152946.0
008 25052250409s9999 xx 000 0 eng d
037 _aTextbook
040 _aLCT
_beng
_cLCT
041 _aeng
_2eng
084 _aZ,7,16, Q18
_qLCT
100 _aMarkanda, P C
245 0 _aLaw Relating to Arbitration and Conciliation/
_cby P C Markanda, Rajesh Markanda and Naresh Markanda
250 _a11th ed.
260 _aNew Delhi
_bEastern Book Company
_c2018
300 _acccxix, 1696p.
365 _aINR
_b590
650 _aLaw
650 _aArbitration and award Arbitration
_9810324
650 _aIndia Conciliation
_9810325
650 _aCivil procedure
_9681550
650 _aCivil procedure- India
_9784801
700 _aMarkanda, Rajesh
700 _aMarkanda, Naresh
942 _cTB
_hZ,7,16, Q18
_2CC
_n0
999 _c1430916
_d1430916